000 01192nam a22002777a 4500
001 BD-DhSAU 8938
003 BD-DhSAU
005 20161027102947.0
008 150613b2007 bg a|||| m||| 00| 0 eng d
040 _aBD-DhSAU
082 _222
_a635
_bAh52
100 _aAhmed, Shahed
_eRegistration # 27533/00708
245 _aEffect of corm size and nitrogen on the growth and flowering of gladiolus /
_bMS thesis
_cShahed Ahmed,
260 _aSher-e-Bangla Agricultural Uniersity :
_bDepartment of Horticulture and Postharvest Technology,
_c2007.
300 _axi, 60 p. :
_bill. ;
_c29 cm.
500 _aMS thesis of Department of Horticulture and Postharvest Technology , Faculty of Agriculture, Sher-e-Bangla Agricultural University, Dhaka, Bangladesh
504 _aIncludes bibliographical reference.
590 _aerfat
650 _aHorticulture and postharvest economy
650 _aEffect of corm size and nitrogen on the growth
650 _aFlowering of gladiolus
700 _aSaha, Sattya Ranjan
_eSuperviser
700 _aMahtabuddin, A K M
_eCo-superviser
856 _uhttp://archive.saulibrary.edu.bd:8080/handle/123456789/498
942 _2ddc
_cTHESIS
999 _c8938
_d8938